Skoki Narciarskie - Medaliści IO z Niemiec - Statystyki

Ogólne statystyki
  • Ten quiz został rozwiązany 60 razy
  • Średni wynik to 9 z 15
Statystyki odpowiedzi
Z S B Skoczek % Poprawnych
2x 2x - Andreas Wellinger
96%
- 1x 2x Karl Geiger
90%
1x - - Severin Freund
84%
1x 1x - Sven Hannawald
82%
- 1x - Richard Freitag
78%
- - 1x Markus Eisenbichler
72%
1x 1x - Martin Schmitt
72%
- 1x - Michael Neumayer
56%
- - 1x Constantin Schmid
50%
1x 1x - Andreas Wank
48%
- 1x 1x Stephan Leyhe
48%
1x - - Marinus Kraus
46%
1x 1x - Michael Uhrmann
40%
1x - - Stephan Hocke
26%
1x - - Philipp Raimund
16%
Nie znaleziono quizów pasujących do podanych kryteriów
Rozkład punktacji
Procent ludzi z każdym wynikiem
Percentyl według liczby udzielonych odpowiedzi
Twoja historia wyników
Nie rozwiązałeś tego quizu